000 00948nam a22002537a 4500
005 20240530110605.0
008 161031s2015 ua a g b 000 0 ara d
017 _a2014/20202
_bمصر. دار الكتب
020 _a9772329939
040 _aEG-CaGPL
_cEG-CaGPL
082 _221
_a158\
_bإ ع
100 0 _aابراهيم محمد المغازى
245 1 0 _aعلم النفس الحياتى /
_cابراهيم محمد المغازى
250 _aط. 1
260 _aالقاهرة :
_bعالم الكتب ،
_c2015 .
300 _a207 ص. :
_bجداول ؛
_c24 سم.
504 _aيشتمل على ارجاعات ببليوجرافية
650 0 7 _2qrmak
_aعلم النفس التطبيقى
650 0 7 _2qrmak
_aالعلاقات الانسانية
650 0 7 _2qrmak
_aالاسرة
_xعلم النفس
650 0 7 _2qrmak
_aالاطفال
_xعلم النفس
942 _2ddc
_cBK
999 _c62746
_d62746